| 000 | 00778nam a2200289Ia 4500 | ||
|---|---|---|---|
| 005 | 20250425162318.0 | ||
| 008 | 250425s9999 xx 000 0 und d | ||
| 020 | _a997884256X | ||
| 041 | _aspa | ||
| 043 | _aec | ||
| 082 | _a345 | ||
| 100 | _aMONTAÑO GALARZA, CESAR | ||
| 245 | 0 | _aEL ECUADOR Y LOS PROBLEMAS DE LA DOBLE IMPOSICION INTERNACIONAL | |
| 250 | _a1A ED. | ||
| 260 |
_aEcuador _bMONTAÑO GALARZA, CESAR _c1999 |
||
| 260 |
_aQUITO _bUNIVERSIDAD ANDINA SIMON BOLIVAR |
||
| 300 | _a159 | ||
| 500 | _aSERIE MAGISTER, VOL 5 | ||
| 650 | _aCONDUCTA | ||
| 650 | _aDERECHO INTERNACIONAL | ||
| 650 | _aRESPONSABILIDAD | ||
| 650 | _aTRIBUTACION | ||
| 650 | _aTRIBUTACION | ||
| 710 | _aUNIVERSIDAD ANDINA SIMON BOLIVAR | ||
| 942 | _c01 | ||
| 010 | _a60875 | ||
| 999 |
_c226651 _d226651 |
||